00773nam a22002177a 450000100100000000500170001000800410002701000130006802000150008104000230009608200200011910000290013924500490016826000750021730000200029265000340031265000370034691000340038395201230041799900150054000000862620200929161356.0820924|1981 ||| 000 0 spa  a82211769 a844991602X aDO-SdBNPcDLCdDLC aPR863.44bP171v1 aPalma, Marigloria91785410aViento salado :bnovela /cMarigloria Palma. aSan Juan de Puerto Rico :bInstituto de Cultura Puertorriquena,c1981. a475 p. ; 23 cm. 4aNovela puertorriqueña91185 4aLiteratura puertorriqueña9250 aCatalogación por copia / LC 001052708MOaGRbGRcCTd2009-09-17iLF1l0oPR863.44 P171vp8626-10r2020-06-25w2020-06-25y2ZPréstamo interno c8396d8396